| 000 | 00795 a2200193 4500 | ||
|---|---|---|---|
| 003 | Nust | ||
| 005 | 20230203093840.0 | ||
| 010 | _a65000808 | ||
| 040 | _cNust | ||
| 082 | _a947,CAR | ||
| 100 |
_aCarell, Paul. _918975 |
||
| 245 |
_aHitler’s war on Russia; _bThe story of the German defeat in the East / _cPaul Carell. Translated from the German by Ewald Osers |
||
| 260 |
_aLondon, _b Harrap _c1964 |
||
| 300 |
_a640 p _billus _cpart col.) maps (1 col. fold.) ports _e23 cm |
||
| 505 | _aMoscow (Page-11), Leningrod (Page-219), Rostov (Page-271), Winter Battle (Page-309), The Parts On The Artic Ocean (Page-413), The Caucasus And The Oilfields (Page-439), Stalingrad (Page-541). | ||
| 600 |
_aCarell, Paul. _918975 |
||
| 650 |
_aHitler's war on russia _9108583 |
||
| 942 |
_2ddc _cBK _k947,CAR |
||
| 999 |
_c187285 _d187285 |
||